A szabadságvesztés-büntetés végrehajtásának káros hatásai az elítéltekre

Elmentve itt :
Bibliográfiai részletek
Szerző: Nagy Erzsébet
További közreműködők: Varga Edit (Témavezető)
Dokumentumtípus: Szakdolgozat
Megjelent: 1991
Tárgyszavak:
Online Access:http://diploma.bibl.u-szeged.hu/22412
LEADER 00588nta a2200157 i 4500
001 dipl22412
005 20130314081304.0
008 111013s1991 hu om 0|| zxx d
040 |a SZTE Diploma Repozitórium  |b hun 
041 |a zxx 
100 1 |a Nagy Erzsébet 
245 1 2 |a A szabadságvesztés-büntetés végrehajtásának káros hatásai az elítéltekre  |h [elektronikus dokumentum] /  |c Erzsébet Nagy 
260 |c 1991 
650 4 |a Jogi és igazgatási tanulmányok 
700 1 |a Varga Edit  |e ths 
856 4 0 |u http://diploma.bibl.u-szeged.hu/id/eprint/22412/1/1991_nagy_erzsebet.pdf  |z Dokumentum-elérés